El ser y el sentido /
Guardado en:
| Autor Principal: | |
|---|---|
| Formato: | Libro |
| Publicado: |
Madrid :
Revista De Occidente,
1967
|
| Materias: | |
| Etiquetas: |
Agregar Etiqueta
Sin Etiquetas, Sea el primero en etiquetar este registro!
|
| LEADER | 00526nam a22001815a 4500 | ||
|---|---|---|---|
| 001 | EHU.bham027219 | ||
| 003 | AR-BHAM | ||
| 005 | 20110511105032.0 | ||
| 008 | 130507s1967##################000#0#####d | ||
| 082 | 1 | 1 | |a 111 |
| 100 | 1 | |a Ferrater Mora, Jose | |
| 245 | 1 | 0 | |a El ser y el sentido / |c Jose Ferrater Mora |
| 260 | |a Madrid : |b Revista De Occidente, |c 1967 | ||
| 300 | |a 323 p. | ||
| 653 | |a Filosofia espaÑola | ||
| 653 | |a Ontologia | ||
| 653 | |a Conocimiento filosofico | ||
| 859 | |a AR-BHAM |b BIB. HUMANIDADES - General |h 111 |i F413 |p 1046.04 |t Ej.1 | ||
